000 00555nam a2200217 a 4500
001 0001-2095
003 ELIB.Books
008 190723 2010 eng
020 _a068706354X
092 _a248.844
_bWil
100 _aWilliams, James C.
245 _aParenting on Point
260 _aNashville
_bAbingdon Press
_c2002
300 _a206
_c20.5cm
650 _aParenting-Christianity
856 _nKBTS Library
_uKBTS Elib
942 _2ddc
_cBK
990 _a3
998 _aEnglishbooks.elf
_ccat
_e2019-07-23
999 _c12095
_d12095